Polska - Irlandia 29.03.2015 - Statystyki

Ogólne statystyki
  • Ten quiz został rozwiązany 48 razy
  • Średni wynik to 10 z 13
Statystyki odpowiedzi
Pozycja Klub Odpowiedź % Poprawnych
Bramkarz Swansea City Łukasz Fabiański
100%
Pomocnik Sevilla Grzegorz Krychowiak
93%
Obrońca Torino Kamil Glik
93%
Napastnik Bayern Monachium Robert Lewandowski
93%
Napastnik Ajax Amsterdam Arkadiusz Milik
91%
Skrzydłowy Terek Grozny Maciej Rybus
80%
Obrońca Al-Ittihad Łukasz Szukała
78%
Skrzydłowy 1. FC Köln Sławomir Peszko
76%
Obrońca Lechia Gdańsk Jakub Wawrzyniak
69%
Obrońca 1. FC Köln Paweł Olkowski
67%
Pomocnik Legia Warszawa Tomasz Jodłowiec
67%
Pomocnik (zmiennik) Lechia Gdańsk Sebastian Mila
44%
Skrzydłowy (zmiennik) Legia Warszawa Michał Kucharczyk
31%
Nie znaleziono quizów pasujących do podanych kryteriów
Rozkład punktacji
Procent ludzi z każdym wynikiem
Percentyl według liczby udzielonych odpowiedzi
Twoja historia wyników
Nie rozwiązałeś tego quizu